Sinéad O'Connor Albums - Statistics

General Stats
  • This quiz has been taken 8 times
  • The average score is 4 of 10
Answer Stats
Hint Answer % Correct
1987 The Lion and the Cobra
100%
1990: Her most successful album I Do Not Want What I Haven't Got
63%
2014 I'm Not Bossy, I'm the Boss
50%
1994 Universal Mother
50%
2000 Faith and Courage
38%
1992: Contains covers of Jazz songs Am I Not Your Girl?
25%
2012 How About I Be Me (And You Be You)?
25%
2002: Contains Irish Folk Songs Sean-Nós Nua
25%
2007 Theology
25%
2005: Her Reggae Album Throw Down Your Arms
25%
No matching quizzes found
Score Distribution
Percent of People with Each Score
Percentile by Number Answered
Your Score History
You have not taken this quiz